000 00728cab a2200217 4500
001 WB3238-19
008 090401t1996 xxu||||| |||| 00| 0 eng d
035 _a(Sirsi) u20482
041 _aeng
245 _aInward investment in the North
260 _c1996
350 _a0
490 _aFinancial Times
_v10 October 1996, 8(1)
520 _aThe North of England`s economic development bodies are taking steps to ensure the region`s success in attracting inward investment does not fizzle out due to a lack of suitable sites.
650 _aECONOMIC DEVELOPMENT
650 _aINWARD INVESTMENT
650 _aNORTH OF ENGLAND
690 _aPROPERTY-PROPERTY FINANCE AND INVESTMENT
942 _n0
948 _c04/03/1997
999 _c13723
_d13723